LEADER 01449nam a2200361 u 4500 001 000000171436 003 CaOOAMICUS 005 20190130115738.0 008 190130s2014 it u000 u ita u 020 $a978-88-399-2412-4* 032 $aLibriCat 040 $aPUL$bita 100 1 $aBrambilla, Franco Giulio,$d1949-$0(OLS)http://pul/name/11838 245 10$aAntropologia teologica :$bchi è l'uomo perchè te ne curi? /$cFranco Giulio Brambilla. 250 $a4.ed. 260 $aBrescia :$bQueriniana,$cc2014. 300 $a636 p.;$c24 cm 490 1 $aNuovo corso di teologia sistematica ;$v12 500 $aInclude indice. 504 $aBibliografia p. [595]-613. 650 4$aUomo (teologia).$0(OLS)http://pul/subject/1029 830 0$aNuovo corso di teologia sistematica ;$v12.$0(OLS)http://pul/title/76974 850 $aPUL 852 $aPUL$W1$xSL Religione 1$y3$m57 B 69.12.2$j195129$qStampati$B200029$CPULBib$Z2$F200029 $H132168 $81 941 1 $a8 960 $aUmanesimo cristiano$91029 960 $aUmanesimo cristiano$91029 960 $aAntropologia teologica$91029 960 $aAntropologia teologica$91029 996 $6020$a978-88-399-2412-4*$9(OLS)http://pul/number/165692 996 $6245$aAntropologia teologica :$bchi è l'uomo perchè te ne curi?$9(OLS)http://pul/title/107827 996 $6260$aBrescia :$bQueriniana$9(OLS)http://pul/publisher/47906 LEADER 01101nam a2200265 a 4500 001 000000161033 003 CaOOAMICUS 005 20230904104001.0 008 170529s2017 it frm z000 0 ita r 032 $aLibriCat 040 $aPUL$bita 100 1 $aRuiseco, Carlos José.$0(OLS)http://pul/name/103085 245 10$aApostolado de las religiosas/$cCarlos José Ruiseco. 260 $aRoma :$b[s.n.],$c2017. 300 $a161 p.;$c24 cm 502 $aTesi di Dottorato-- Pontificia Universitas Lateranensis--Facoltà di Diritto Canonico--Roma, 2017. 504 $aBibliografia: p. [147]-152. 650 4$aApostolato.$0(OLS)http://pul/subject/1270 710 2 $aPontificia Università Lateranense.$bFacoltà di diritto canonico.$kTesi.$0(OLS)http://pul/name/81682 850 $aPUL 852 $aPUL$W1$xDP1 Tesi Pon Univ. Lateranense$y41$m2017 C 7$j185022$qTesi$B188218$CPULBib$Z2$F188218 $81 941 1 $a16 996 $6245$aApostolado de las religiosas/$9(OLS)http://pul/title/205507 996 $6260$aRoma :$b[s.n.]$9(OLS)http://pul/publisher/47958